00720nam a2200145 i 4500001000700000003000900007005001700016008004100033100002200074245008300096260007200179300002100251500012700272852017500399170912ES-MaACL20230906214509.0090416s1853 sp |||| | spa d0 aEguilaz, Luis de.10aAlarcón b: drama original en tres actos y en verso / cpor Luis de Eguilaz. aMadrid : b[s.n.], c1853 (fImp. del Semanario é Ilustración) a90 p. ; c17 cm. aEn port:: Representado con estraordinario [ie] éxito la noche del 4 de mayo de 1853 á beneficio de don Manuel Ossorio. aES-MaACLjF-8570(1) z.- Enc. pasta española q.- Falto de la cub. originalz.- Enc. en un vol. facticio, formando parte de la col. "Teatro español moderno", vol. 23